ბათუმის შოთა რუსთაველის სახელმწიფო უნივერსიტეტის ბიბლიოთეკა

Античная история и культура Средиземноморья и Причерноморья / (ბიბ.ჩანაწერი № 61051)

000 -LEADER
fixed length control field 00752nam a22001577a 4500
005 - DATE AND TIME OF LATEST TRANSACTION
control field 20231212145645.0
008 - FIXED-LENGTH DATA ELEMENTS--GENERAL INFORMATION
fixed length control field 231212s1968 ru ||||| |||| 00| 0 rus d
041 ## - LANGUAGE CODE
Language code of text/sound track or separate title rus
080 ## - UNIVERSAL DECIMAL CLASSIFICATION NUMBER
Universal Decimal Classification number 94(37+38) A-72
245 ## - TITLE STATEMENT
Title Античная история и культура Средиземноморья и Причерноморья /
Remainder of title Сборник статей.
264 ## - PRODUCTION, PUBLICATION, DISTRIBUTION, MANUFACTURE, AND COPYRIGHT NOTICE
Place of production, publication, distribution, manufacture Л.:
Name of producer, publisher, distributor, manufacturer Наука,
Date of production, publication, distribution, manufacture, or copyright notice 1968.
300 ## - PHYSICAL DESCRIPTION
Extent 352 с.:
Other physical details ил.;
Dimensions 23 cm.
521 ## - TARGET AUDIENCE NOTE
Target audience note К 100-летию со дня рождения акад. С.А. Жебелёва.
653 ## - INDEX TERM--UNCONTROLLED
keyword უძველესი ისტორია და კულტურა ხმელთაშუა და შავი ზღვის რეგიონები
942 ## - ADDED ENTRY ELEMENTS (KOHA)
Source of classification or shelving scheme
Koha item type წიგნი
ეგზემპლარები
Withdrawn status Lost status Source of classification or shelving scheme Damaged status Not for loan Permanent Location Current Location Shelving location Date acquired Cost, normal purchase price Full call number Barcode Date last seen Copy number Uniform Resource Identifier Price effective from Koha item type Public note
          ბათუმის შოთა რუსთაველის სახელმწიფო უნივერსიტეტის მთავარი ბიბლიოთეკა ბათუმის შოთა რუსთაველის სახელმწიფო უნივერსიტეტის მთავარი ბიბლიოთეკა წიგნსაცავი 2023-12-12 8.00 94(37+38) A-72 65583 2023-12-12 65583 ბსუ-ს საპატიო დოქტორის გურამ ლორთქიფანიძის საჩუქარი 2023-12-12 წიგნი 8 ლ.